| 000 -NÁVESTIE |
| fixed length control field |
02112nam a22005650a 4500 |
| 001 - EVIDENČNÉ ČÍSLO ZÁZNAMU - Kontrolné číslo |
| control field |
vtls010477072 |
| 005 - DÁTUM A ČAS POSLEDNEJ TRANSAKCIE |
| control field |
20220114133557.0 |
| 008 - ÚDAJE S PEVNOU DĹŽKOU – VŠEOBECNÉ INFORMÁCIE |
| fixed length control field |
180601s2012 xo hao r 000 slo |
| 020 ## - MEDZINÁRODNÉ ŠTANDARDNÉ ČÍSLO KNIHY (ISBN) |
| Medzinárodné štandardné číslo knihy (ISBN) |
9788097068813 |
| Qualifying information |
(viaz.) |
| 035 ## - Iný štandardný identifikátor |
| Iný štandardný identifikátor |
3159CB8C-0A58-477C-97CF-F3E9DD4FC283 |
| 035 ## - Iný štandardný identifikátor |
| Iný štandardný identifikátor |
urn:nbn:sk:snk-am3h5gp |
| 035 ## - Iný štandardný identifikátor |
| Iný štandardný identifikátor |
urn:nbn:sk:snk-am00cnrr |
| 040 ## - ZDROJ KATALOGIZÁCIE |
| Pôvodná katalogizujúca agentúra |
SVKBB |
| Jazyk katalogizácie |
slo |
| Prepisujúca agentúra |
SVKBB |
| Modifikujúca agentúra |
SNK |
| Konvencie popisu |
AACR2 |
| 041 0# - KÓD JAZYKA |
| Kód jazyka textu/zvukovej stopy alebo samostatných nápisov |
slo |
| 044 ## - KÓD KRAJINY VYDAVATEĽA/PRODUCENTA |
| Kód krajiny MARC |
xo |
| Kód krajiny ISO |
SK |
| 072 #7 - KÓD PREDMETOVEJ KATEGÓRIE |
| Kód predmetovej kategórie |
133 |
| Pododdiel kódu predmetovej kategórie |
Ezoterizmus. Okultizmus |
| Zdroj |
konspekt |
| 080 ## - ČÍSLO MEDZINÁRODNÉHO DESATINNÉHO TRIEDENIA (MDT) |
| Číslo Medzinárodného desatinného triedenia (MDT) |
2-167.2 |
| Identifikátor vydania |
2001 |
| 080 ## - ČÍSLO MEDZINÁRODNÉHO DESATINNÉHO TRIEDENIA (MDT) |
| Číslo Medzinárodného desatinného triedenia (MDT) |
008"73" |
| Identifikátor vydania |
2001 |
| 080 ## - ČÍSLO MEDZINÁRODNÉHO DESATINNÉHO TRIEDENIA (MDT) |
| Číslo Medzinárodného desatinného triedenia (MDT) |
930.85 |
| Identifikátor vydania |
2001 |
| 080 ## - ČÍSLO MEDZINÁRODNÉHO DESATINNÉHO TRIEDENIA (MDT) |
| Číslo Medzinárodného desatinného triedenia (MDT) |
133 |
| Identifikátor vydania |
2001 |
| 080 ## - ČÍSLO MEDZINÁRODNÉHO DESATINNÉHO TRIEDENIA (MDT) |
| Číslo Medzinárodného desatinného triedenia (MDT) |
159.96 |
| Identifikátor vydania |
2001 |
| 080 ## - ČÍSLO MEDZINÁRODNÉHO DESATINNÉHO TRIEDENIA (MDT) |
| Číslo Medzinárodného desatinného triedenia (MDT) |
2-12/-17-264-027.14 |
| Identifikátor vydania |
2001 |
| 080 ## - ČÍSLO MEDZINÁRODNÉHO DESATINNÉHO TRIEDENIA (MDT) |
| Číslo Medzinárodného desatinného triedenia (MDT) |
159.964.21 |
| Identifikátor vydania |
2001 |
| 080 ## - ČÍSLO MEDZINÁRODNÉHO DESATINNÉHO TRIEDENIA (MDT) |
| Číslo Medzinárodného desatinného triedenia (MDT) |
159.961-022.358 |
| Identifikátor vydania |
2001 |
| 080 ## - ČÍSLO MEDZINÁRODNÉHO DESATINNÉHO TRIEDENIA (MDT) |
| Číslo Medzinárodného desatinného triedenia (MDT) |
(048.8) |
| Identifikátor vydania |
2001 |
| 100 1# - OSOBNÉ MENÁ – VŠEOBECNÉ INFORMÁCIE |
| Osobné meno |
Páleš, Emil |
| Dátumy súvisiace s menom |
1966- |
| -- |
2489 |
| 245 10 - NÁZOV |
| Názov |
Angelológia dejín |
| Číslo časti diela |
2 |
| Názov časti diela |
Synchronicita a periodicita v dejinách |
| Údaj o zodpovednosti atď. |
Emil Páleš |
| 246 30 - INÁ FORMA NÁZVU |
| Hlavný názov/skrátený názov |
Synchronicita a periodicita v dejinách |
| 260 ## - VYDAVATEĽSKÉ ÚDAJE, DISTRIBÚCIA ATĎ. |
| Miesto publikovania, distribúcie atď. |
Bratislava |
| Názov vydavateľa, distibútora atď. |
Sophia |
| Dátum publikovania, distribúcie atď. |
2012 |
| 300 ## - FYZICKÝ POPIS |
| Rozsah |
S. 489-1032 |
| Ďalšie fyzické detaily |
fotogr., faksim., grafy |
| Rozmery |
31 cm |
| 490 1# - EDÍCIA |
| Edícia |
Základy duchovnej vedy |
| Zväzok/sekvenčné označenie |
zv. 3 |
| 650 07 - PRIDANÝ VSTUP – PREDMET – TEMATICKÉ HESLO |
| Tematické heslo alebo geografický názov ako vstupný prvok |
anjeli |
| Všeobecný pododdiel |
ezoterické chápanie |
| Zdroj hesla alebo termínu |
SNKPH |
| -- |
2494 |
| 650 07 - PRIDANÝ VSTUP – PREDMET – TEMATICKÉ HESLO |
| Tematické heslo alebo geografický názov ako vstupný prvok |
hierarchia anjelov |
| Všeobecný pododdiel |
ezoterické chápanie |
| Zdroj hesla alebo termínu |
SNKPH |
| -- |
2495 |
| 650 07 - PRIDANÝ VSTUP – PREDMET – TEMATICKÉ HESLO |
| Tematické heslo alebo geografický názov ako vstupný prvok |
civilizačné cykly |
| Všeobecný pododdiel |
ezoterické chápanie |
| Zdroj hesla alebo termínu |
SNKPH |
| -- |
2496 |
| 650 07 - PRIDANÝ VSTUP – PREDMET – TEMATICKÉ HESLO |
| Tematické heslo alebo geografický názov ako vstupný prvok |
kultúrne dejiny |
| Všeobecný pododdiel |
ezoterické chápanie |
| Zdroj hesla alebo termínu |
SNKPH |
| -- |
2497 |
| 650 07 - PRIDANÝ VSTUP – PREDMET – TEMATICKÉ HESLO |
| Tematické heslo alebo geografický názov ako vstupný prvok |
kolektívne nevedomie |
| Zdroj hesla alebo termínu |
SNKPH |
| -- |
2498 |
| 650 07 - PRIDANÝ VSTUP – PREDMET – TEMATICKÉ HESLO |
| Tematické heslo alebo geografický názov ako vstupný prvok |
archetypy (psychológia) |
| Zdroj hesla alebo termínu |
SNKPH |
| -- |
2499 |
| 650 07 - PRIDANÝ VSTUP – PREDMET – TEMATICKÉ HESLO |
| Tematické heslo alebo geografický názov ako vstupný prvok |
synchronicita |
| Zdroj hesla alebo termínu |
SNKPH |
| -- |
2500 |
| 650 07 - PRIDANÝ VSTUP – PREDMET – TEMATICKÉ HESLO |
| Tematické heslo alebo geografický názov ako vstupný prvok |
Angels |
| Všeobecný pododdiel |
esoteric approach |
| Zdroj hesla alebo termínu |
SNKPHeng |
| -- |
2501 |
| 650 07 - PRIDANÝ VSTUP – PREDMET – TEMATICKÉ HESLO |
| Tematické heslo alebo geografický názov ako vstupný prvok |
Hierarchy of angels |
| Všeobecný pododdiel |
esoteric approach |
| Zdroj hesla alebo termínu |
SNKPHeng |
| -- |
2502 |
| 650 07 - PRIDANÝ VSTUP – PREDMET – TEMATICKÉ HESLO |
| Tematické heslo alebo geografický názov ako vstupný prvok |
Cycles of civilization |
| Všeobecný pododdiel |
esoteric approach |
| Zdroj hesla alebo termínu |
SNKPHeng |
| -- |
2503 |
| 650 07 - PRIDANÝ VSTUP – PREDMET – TEMATICKÉ HESLO |
| Tematické heslo alebo geografický názov ako vstupný prvok |
Cultural history |
| Všeobecný pododdiel |
esoteric approach |
| Zdroj hesla alebo termínu |
SNKPHeng |
| -- |
2504 |
| 650 07 - PRIDANÝ VSTUP – PREDMET – TEMATICKÉ HESLO |
| Tematické heslo alebo geografický názov ako vstupný prvok |
Collective unconsciousness |
| Zdroj hesla alebo termínu |
SNKPHeng |
| -- |
2505 |
| 650 07 - PRIDANÝ VSTUP – PREDMET – TEMATICKÉ HESLO |
| Tematické heslo alebo geografický názov ako vstupný prvok |
Archetypes |
| Zdroj hesla alebo termínu |
SNKPHeng |
| -- |
2506 |
| 650 07 - PRIDANÝ VSTUP – PREDMET – TEMATICKÉ HESLO |
| Tematické heslo alebo geografický názov ako vstupný prvok |
Synchronicity |
| Zdroj hesla alebo termínu |
SNKPHeng |
| -- |
2507 |
| 655 #7 - INDEXAČNÝ TERMÍN – ŽÁNER/FORMA |
| Údaje o žánri/forme alebo termín, ktorý je prvok fazety |
monografie |
| Zdroj termínu |
SNKPH |
| -- |
1661 |
| 655 #7 - INDEXAČNÝ TERMÍN – ŽÁNER/FORMA |
| Údaje o žánri/forme alebo termín, ktorý je prvok fazety |
Monographs |
| Zdroj termínu |
SNKPHeng |
| -- |
1662 |
| 958 ## - Formálny deskriptor |
| Formálny deskriptor |
NB |